Countries With The Most Venezuelans - Statistics

General Stats
  • This quiz has been taken 57 times
    44 since last reset
  • The average score is 22 of 25
Answer Stats
People Country % Correct
1,2 mil Brazil
100%
51,300 Canada
97%
2,3 mil Colombia
97%
545,600 United States
97%
548,540 Chile
94%
109,250 Mexico
94%
1,6 mil Peru
94%
172,600 Argentina
91%
29,050 Costa Rica
91%
54,000 Panama
91%
61,550 Portugal
91%
707,380 Spain
91%
48,000 Uruguay
91%
481,300 Ecuador
89%
155,100 France
89%
33,670 United Kingdom
89%
19,800 Bolivia
83%
43,500 Germany
80%
23,200 Guyana
80%
9,500 Guatemala
77%
25,600 Italy
77%
46,150 Trinidad and Tobago
77%
121,300 Dominican Republic
74%
12,500 Australia
69%
41,600 Netherlands
60%
No matching quizzes found
Score Distribution
Percent of People with Each Score
Percentile by Number Answered
Your Score History
You have not taken this quiz since the last reset